00676 2200181 4500245005200000020001800052250001100070100001700081700001900098650002300117005001900140260003300159041001400192084001000206300002700216500024200243336000900485 aMengenal Pahlawan IndonesiacArya AjisakahText a979-757-430-X aCet. 1 aArya Ajisaka aDewi Damayanti aPahlawan Indonesia a20230926143126 aJakartabKawan Pustakac2010 aIndonesia a923.5 avi, 170 hlm. :c26 cm. aBuku ini mengulas kisah perjuangan para pahlawan Indonesia, mulai dari pahlawan perjuangan kemerdekaan, pahlawan pergerakan nasional, pahlawan proklamator, pahlawan pembela kemerdekaan, pahlawan revolusi, dan pahlawan nasional Indonesia. atext